| 000 | 00804nam a2200205Ii 4500 | ||
|---|---|---|---|
| 003 | JO-AjNU | ||
| 008 | 230605s9999||||xx |||||||||||||| ||und|| | ||
| 040 |
_aJO-AjNU _bara _erda _cJO-AjNU |
||
| 041 | _aara | ||
| 050 | 1 | 4 | _aBP145 |
| 100 | 3 |
_aنوفل،يوسف يونس ، تقديم: احمد عبد الغفار ، محمد مختار البديوي, _eauthor _910466 |
|
| 245 | 0 | 0 | _aالبيئة الحربية : قاذفات قرآنية منصاتها سماوية |
| 264 | 3 | 1 | _aالمنصورة: مكتبة جزيرة الورد، د.ت |
| 300 | _a80ص | ||
| 336 |
_atext _btxt _2rdacontent |
||
| 337 |
_aunmediated _bn _2rdamedia |
||
| 338 |
_avolume _bnc _2rdacarrier |
||
| 490 | 0 | _aدائرة معارف بيئتنا الحضارية | |
| 650 | 4 |
_aالاسلام- دوائر معارف _910467 |
|
| 999 |
_aA1820 _c5388 _d5388 |
||